000 00693nam a2200253 i 4500
999 _c79871
_d79871
001 C2-0271650
003 PPAK
005 20190313093433.0
008 060809s2005 my a|||| ||||| | eng d
020 _a9832965098
040 _aPPAK
_beng
_cPPAK
_erda
082 0 4 _a428.6
_223
090 0 0 _a428.6
_bMOO
_dK
245 0 4 _aThe mooshine eaters
264 1 _aPetaling Jaya, Selangor :
_bKenanga Permai ,
_c2005
300 _a22 pages :
_billustrations ;
_c22 cm
336 _2rdacontent
_atext
337 _2rdamedia
_aunmediated
338 _2rdacarrier
_avolume
490 1 _aJeremy's playground series
650 1 0 _aReaders.
830 0 _aJeremy's playground series
942 _cB
_2ddc